000 01116nam0a22003251 4500
001 RU\INFOCOMM_318\NLR\5000083919
005 20260408153938.0
035 _a(NLR Aleph) 009452958
090 _a8417637
_c8417637
100 _a20121204d1985 |||y0rusy50 ca
101 0 _afre
102 _aRU
105 _ay z |||||
200 1 _aPourparlers de Vienne
_fG. Kamenski
210 _aM.
_cNaouka
_d1985
215 _a88 с.
_d21 см
225 1 _aLa paix intern. et le désarmement
_fConseil sci. d'étude des problèmes de la paix et du désarmement
_vLivr. 28
300 _aВ вып. дан.: Венские переговоры / Г. Е. Каменский
320 _aБиблиогр. в примеч.: с. 86-88
606 _aРазоружение
_3RU\NLR\AUTH\6682517
_91040220
620 _aМосква
686 _aХ918.13
_2rubbk
686 _aТ3(0)63-611.2
_2rubbk
700 1 _9z01790
_aKamenski
_bG. E.
_gGeorgij Evgen'evič
790 1 _9z01700
_aKamenski
_bG.
_4070
801 1 _aRU
_bNLR
_c20121204
801 0 _aRU
_bINFOCOMM
_gPSBO
852 _aNLR
_jП41 Д-4/89
942 _cBOOK
980 _aNB